000 00492nam a2200181Ia 4500
008 151202s9999||||xx |||||||||||||| ||und||
082 _bPNVM-54134
100 _aकाशिकर एस्.एम्.
245 _aपाठलाग.
260 _b---
260 _c0
300 _a0
600 _aकाशिकर एस्.एम्.
630 _aपाठलाग.
700 _aकाशिकर एस्.एम्.
730 _aपाठलाग.
942 _cBOOK
999 _c1320673
_d1320670